[Event "IX Open A"]
[Site "Genova ITA"]
[Date "2005.08.13"]
[Round "7"]
[White "Mateo, Ramon"]
[Black "Mrdja, Milan"]
[Result "0-1"]
[WhiteElo "2434"]
[BlackElo "2352"]
[PlyCount "94"]
[EventDate "2005.08.08"]

1.e4 c5 2.Nf3 d6 3.d4 cxd4 4.Nxd4 Nf6 5.Nc3 a6 6.Bg5 e6 7.Bd3 Be7 8.Qf3 h6
9.Bh4 Nbd7 10.O-O-O Qc7 11.Rhe1 O-O 12.Qg3 b5 13.f4 b4 14.Nd5 Nxd5 15.exd5
Bxh4 16.Qxh4 Nc5 17.f5 e5 18.Nc6 f6 19.Qxb4 Nxd3+ 20.Rxd3 Bxf5 21.Rc3 Qd7 
22.Qb6 Kh8 23.b3 Bh7 24.Kb2 Qf7 25.Qa5 f5 26.a4 f4 27.Nb4 Qg6 28.Rc6 Qxg2 
29.Rxa6 Rae8 30.Qb6 f3 31.Rg1 Qxh2 32.Ra7 Rg8 33.Rf7 e4 34.Qd4 Re5 35.Nc6 
e3 36.Nxe5 Qxg1 37.Ng4 f2 38.Nxe3 Bxc2 39.Kxc2 Qg6+ 40.Rf5 f1=Q 41.Nxf1 
Qxf5+ 42.Qd3 Rc8+ 43.Kd2 Qf2+ 44.Kd1 Qb2 45.Nd2 Qc1+ 46.Ke2 Re8+ 47.Ne4 
Qf4 0-1

[Event "IX Open A"]
[Site "Genova ITA"]
[Date "2005.08.13"]
[Round "7"]
[White "Pace, Pietro Dario"]
[Black "Radice, Luca"]
[Result "1-0"]
[WhiteElo "2198"]
[BlackElo "2100"]
[PlyCount "107"]
[EventDate "2005.08.08"]

1.e4 e6 2.d4 d5 3.Nc3 Bb4 4.e5 Qd7 5.a3 Bxc3+ 6.bxc3 b6 7.f4 Ba6 8.Bxa6 
Nxa6 9.Nf3 Ne7 10.a4 Nb8 11.O-O Nbc6 12.Qd3 Na5 13.Bd2 h5 14.Be1 Nc4 15.
Bf2 a5 16.g3 Nb2 17.Qe2 Nxa4 18.c4 dxc4 19.Qxc4 b5 20.Qd3 Nb6 21.Nh4 g6 
22.Nf3 Nc4 23.Ng5 Nd5 24.Ne4 Kf8 25.Qf3 Kg7 26.Rae1 Ne7 27.Rd1 Qc6 28.Qe2 
a4 29.Nf6 Rad8 30.g4 hxg4 31.Qxg4 Nd5 32.Qf3 Qa8 33.Ne4 Ne7 34.Rfe1 Nf5 
35.Qg4 Nb6 36.Qg5 Nd5 37.Nf6 a3 38.Rd3 a2 39.Ra1 b4 40.h4 Qa4 41.Nxd5 Rxd5
42.Qf6+ Kg8 43.Rd2 c5 44.c4 b3 45.cxd5 c4 46.dxe6 Qe8 47.d5 c3 48.Rdxa2 
bxa2 49.Rxa2 fxe6 50.dxe6 Rh7 51.Rc2 Qa4 52.Qd8+ Kg7 53.Qd7+ Qxd7 54.exd7 
1-0

[Event "IX Open A"]
[Site "Genova ITA"]
[Date "2005.08.13"]
[Round "7"]
[White "Rotoni, Matteo"]
[Black "Sibille, Ettore"]
[Result "1-0"]
[WhiteElo "2133"]
[BlackElo "2006"]
[PlyCount "53"]
[EventDate "2005.08.08"]

1.e4 d5 2.exd5 Nf6 3.Bb5+ Nbd7 4.c4 a6 5.Ba4 b5 6.cxb5 Nxd5 7.Nc3 N5b6 8.
Bb3 Bb7 9.Nf3 axb5 10.O-O e6 11.Re1 Bd6 12.Nxb5 O-O 13.d4 Qf6 14.Bc2 Bxf3 
15.Qxf3 Qxf3 16.gxf3 Nd5 17.Nxd6 cxd6 18.Bd2 Rab8 19.Bb3 Nb4 20.Rec1 Nf6 
21.Rab1 d5 22.a3 Na6 23.Bd1 Nd7 24.Ba5 Rbc8 25.Be2 Nab8 26.Bb5 Nf6 27.Bb4 
1-0

[Event "IX Open A"]
[Site "Genova ITA"]
[Date "2005.08.13"]
[Round "7"]
[White "Salvador, Roland"]
[Black "Madsen, Dag"]
[Result "1-0"]
[WhiteElo "2416"]
[BlackElo "2285"]
[PlyCount "87"]
[EventDate "2005.08.08"]

1.d4 d5 2.Nf3 Nf6 3.Bf4 c5 4.e3 Nc6 5.Be2 cxd4 6.exd4 Qb6 7.Nc3 Bg4 8.Na4 
Qd8 9.c3 e6 10.b4 Bd6 11.Ne5 Bxe5 12.dxe5 Bxe2 13.Qxe2 Nd7 14.Qg4 Kf8 15.
Qg3 Rc8 16.O-O Qc7 17.Nb2 Ne7 18.Nd3 Ng6 19.Be3 Ndxe5 20.Nxe5 Qxe5 21.f4 
Qc7 22.Bd4 Rg8 23.Rae1 Ne7 24.Qh3 Rh8 25.g4 Nc6 26.Bc5+ Kg8 27.f5 e5 28.f6
b6 29.Qh4 h6 30.fxg7 Rh7 31.Bf8 e4 32.Qf6 Ne5 33.Bd6 Nxg4 34.Qf5 Qb7 35.h3
h5 36.hxg4 hxg4 37.Be7 Rxg7 38.Bf6 Rg6 39.Qh5 Kf8 40.Be5 Ke7 41.Rxf7+ Kxf7
42.Rf1+ Ke6 43.Qxg6+ Kxe5 44.Qf6# 1-0

[Event "IX Open A"]
[Site "Genova ITA"]
[Date "2005.08.14"]
[Round "8"]
[White "Bontempi, Piero"]
[Black "Delorme, Alban"]
[Result "1-0"]
[WhiteElo "2328"]
[BlackElo "2254"]
[PlyCount "35"]
[EventDate "2005.08.08"]

1.e4 c5 2.c3 Nf6 3.e5 Nd5 4.Nf3 Nc6 5.Na3 g6 6.Ng5 e6 7.Ne4 f5 8.Nd6+ Bxd6
9.exd6 Qf6 10.Be2 Nf4 11.O-O Nxe2+ 12.Qxe2 O-O 13.Rb1 b6 14.b4 cxb4 15.
cxb4 Nd4 16.Qd3 Bb7 17.Bb2 Nf3+ 18.Qxf3 1-0

[Event "IX Open A"]
[Site "Genova ITA"]
[Date "2005.08.14"]
[Round "8"]
[White "Cehic, Goran"]
[Black "Aldrovandi, Costantino"]
[Result "0-1"]
[WhiteElo "2145"]
[BlackElo "2251"]
[PlyCount "48"]
[EventDate "2005.08.08"]

1.d4 Nf6 2.Nc3 g6 3.e4 d6 4.Bg5 Bg7 5.f4 O-O 6.Nf3 a6 7.a4 b6 8.Bd3 Ra7 9.
O-O Nc6 10.Re1 Nh5 11.Ne2 Bg4 12.c3 f6 13.Bh4 Bh6 14.Bg3 Qc8 15.Kf2 e5 16.
fxe5 fxe5 17.Ng1 Kh8 18.d5 Nd8 19.h3 c6 20.Bh2 cxd5 21.hxg4 Qxg4 22.exd5 
Qh4+ 23.Ke2 Qxh2 24.Nxh2 Ng3# 0-1

[Event "IX Open A"]
[Site "Genova ITA"]
[Date "2005.08.14"]
[Round "8"]
[White "Chatalbashev, Boris"]
[Black "Maiorov, Nikita"]
[Result "1-0"]
[WhiteElo "2499"]
[BlackElo "2453"]
[PlyCount "61"]
[EventDate "2005.08.08"]

1.d4 Nf6 2.c4 e6 3.Nf3 b6 4.e3 Bb7 5.Bd3 Be7 6.O-O d5 7.Nc3 O-O 8.cxd5 
exd5 9.b3 Nbd7 10.Bb2 a6 11.Rc1 Bd6 12.Ne2 Re8 13.Ng3 g6 14.Qc2 Rc8 15.Qe2
Ra8 16.Rc2 Ne4 17.Rfc1 f6 18.a4 Nf8 19.Nd2 Kh8 20.Ngxe4 dxe4 21.Bc4 Qe7 
22.Qg4 Nd7 23.d5 Nc5 24.Bd4 Bc8 25.Qh4 Nd7 26.Be2 Kg8 27.Rxc7 Bxc7 28.Rxc7
Rb8 29.Bc4 Kf8 30.d6 Qg7 31.Rxd7 1-0

[Event "IX Open A"]
[Site "Genova ITA"]
[Date "2005.08.14"]
[Round "8"]
[White "Cirabisi, Federico"]
[Black "Mateo, Ramon"]
[Result "0-1"]
[WhiteElo "2109"]
[BlackElo "2434"]
[PlyCount "66"]
[EventDate "2005.08.08"]

1.e4 c5 2.Nc3 Nc6 3.f4 g6 4.Nf3 Bg7 5.Be2 d6 6.O-O e6 7.d3 Qb6 8.f5 Nf6 9.
Qe1 Nd4 10.Bg5 Nd7 11.f6 Bf8 12.Nxd4 cxd4 13.Nd1 h6 14.Bh4 h5 15.b3 Bh6 
16.Nb2 Qc7 17.a4 e5 18.Nc4 Nc5 19.h3 Be6 20.b4 Nxe4 21.Bf3 Nc3 22.Bxb7 Rb8
23.Ba6 O-O 24.Ra3 Rxb4 25.Nd2 Rfb8 26.Rb3 Bxb3 27.cxb3 Rxb3 28.Bb5 Rb2 29.
Nc4 Rb1 30.Qf2 Rxf1+ 31.Qxf1 a6 32.g4 axb5 33.gxh5 bxc4 0-1

[Event "IX Open A"]
[Site "Genova ITA"]
[Date "2005.08.14"]
[Round "8"]
[White "Guido, Flavio"]
[Black "Delorme, Axel"]
[Result "1-0"]
[WhiteElo "2305"]
[BlackElo "2174"]
[PlyCount "65"]
[EventDate "2005.08.08"]

1.e4 e5 2.Nf3 Nc6 3.Bc4 Be7 4.O-O Nf6 5.Re1 O-O 6.d4 d6 7.h3 h6 8.Nc3 a6 
9.a4 Nh7 10.Nd5 exd4 11.Nxe7+ Qxe7 12.Nxd4 Nxd4 13.Qxd4 Be6 14.Bf4 Bxc4 
15.Qxc4 Ng5 16.e5 dxe5 17.Bxe5 Ne6 18.Ra3 b5 19.Qc6 b4 20.Rg3 g6 21.b3 a5 
22.Bb2 Kh7 23.Re5 Qd6 24.Qe4 Rfe8 25.Rd3 Qe7 26.f4 Qh4 27.Rd7 Ng5 28.fxg5 
Qxe4 29.Rxe4 Rxe4 30.Rxf7+ Kg8 31.Rg7+ Kf8 32.gxh6 Re7 33.Rxe7 1-0

[Event "IX Open A"]
[Site "Genova ITA"]
[Date "2005.08.14"]
[Round "8"]
[White "Hendriks, Willy"]
[Black "Barsov, Alexei"]
[Result "0-1"]
[WhiteElo "2415"]
[BlackElo "2530"]
[PlyCount "46"]
[EventDate "2005.08.08"]

1.e4 e6 2.d4 d5 3.e5 c5 4.c3 Nc6 5.Nf3 Bd7 6.Be2 Nge7 7.Na3 cxd4 8.cxd4 
Nf5 9.Nc2 Qb6 10.O-O Na5 11.g4 Ne7 12.Nfe1 Bb5 13.Nd3 h5 14.b4 Nac6 15.a4 
Bc4 16.a5 Qc7 17.gxh5 Bb3 18.Be3 Nxd4 19.Nxd4 Bxd1 20.Nb5 Qc2 21.Nd6+ Kd7 
22.Rfxd1 Qxe2 23.Nxf7 Nf5 0-1

[Event "IX Open A"]
[Site "Genova ITA"]
[Date "2005.08.14"]
[Round "8"]
[White "Lanzani, Mario"]
[Black "Brancaleoni, Maurizio"]
[Result "1/2-1/2"]
[WhiteElo "2356"]
[BlackElo "2314"]
[PlyCount "47"]
[EventDate "2005.08.08"]

1.e4 Nf6 2.e5 Nd5 3.d4 Nb6 4.c4 d6 5.exd6 exd6 6.h3 Be7 7.Nf3 O-O 8.Be2 
Bf6 9.O-O Nc6 10.Nc3 Re8 11.b3 Bf5 12.Be3 d5 13.c5 Nc8 14.Qd2 h6 15.Rad1 
Bh7 16.Bf4 N8e7 17.Be5 Bxe5 18.dxe5 Ng6 19.Qxd5 Ngxe5 20.Nxe5 Rxe5 21.Qc4 
Qf8 22.Rd5 Rae8 23.Rfd1 a6 24.Rxe5 1/2-1/2

[Event "IX Open A"]
[Site "Genova ITA"]
[Date "2005.08.14"]
[Round "8"]
[White "Lazic, Miroljub"]
[Black "Salvador, Roland"]
[Result "1-0"]
[WhiteElo "2485"]
[BlackElo "2416"]
[PlyCount "72"]
[EventDate "2005.08.08"]

1.g3 d5 2.Bg2 g6 3.Nf3 Bg7 4.d4 c5 5.dxc5 Na6 6.c4 d4 7.c6 bxc6 8.Nxd4 Bb7
9.Nb3 Qc7 10.O-O Rd8 11.Qe1 h5 12.Qa5 Qc8 13.Nc3 h4 14.Be3 hxg3 15.hxg3 
Rh5 16.Qa4 Bxc3 17.bxc3 Qc7 18.Rfd1 Kf8 19.c5 Rxd1+ 20.Rxd1 Nf6 21.Qa5 Nd5
22.Qxc7 Naxc7 23.Bd2 Ne6 24.Bf3 Rh8 25.c4 Ndc7 26.Na5 Ba6 27.Bxc6 Nxc5 28.
Be3 N7e6 29.Rd5 Rh5 30.g4 Rh4 31.f3 f5 32.Bxc5 fxg4 33.Bf2 Rh3 34.Re5 Nf4 
35.Bc5 g3 36.Rxe7 Kg8 1-0

[Event "IX Open A"]
[Site "Genova ITA"]
[Date "2005.08.14"]
[Round "8"]
[White "Martinez, Rolly"]
[Black "Mrdja, Milan"]
[Result "0-1"]
[WhiteElo "2421"]
[BlackElo "2352"]
[PlyCount "84"]
[EventDate "2005.08.08"]

1.e4 c5 2.Nf3 d6 3.d4 cxd4 4.Nxd4 Nf6 5.Nc3 a6 6.Be3 Ng4 7.Bc1 Nf6 8.Be3 
Nbd7 9.Be2 e6 10.a4 b6 11.f4 Bb7 12.Bf3 Rc8 13.f5 e5 14.Nb3 Be7 15.Qd3 O-O
16.O-O Qc7 17.Rf2 Rfd8 18.g4 d5 19.Nxd5 Bxd5 20.exd5 e4 21.Bxe4 Ne5 22.
Qxa6 Nxe4 23.Bxb6 Qd6 24.Rg2 Nf3+ 25.Kh1 Nh4 26.Qe2 Qxb6 27.Qxe4 Nxg2 28.
Kxg2 Bh4 29.Rf1 Qc7 30.Kh3 Bf6 31.Rf2 Qc4 32.Qxc4 Rxc4 33.Re2 h5 34.a5 
hxg4+ 35.Kg3 Rxd5 36.a6 Ra4 37.Nc1 Rxf5 38.a7 Rf3+ 39.Kg2 Rxa7 40.Nd3 Ra2 
41.b4 Rxd3 42.Re8+ Kh7 0-1

[Event "IX Open A"]
[Site "Genova ITA"]
[Date "2005.08.14"]
[Round "8"]
[White "Ranola, Yves"]
[Black "Di Paolo, Raffaele"]
[Result "1-0"]
[WhiteElo "2466"]
[BlackElo "2271"]
[PlyCount "89"]
[EventDate "2005.08.08"]

1.e4 c5 2.Nf3 Nc6 3.Bc4 e6 4.O-O Na5 5.Be2 a6 6.c4 Qc7 7.Nc3 Nf6 8.b3 b6 
9.Bb2 Bb7 10.e5 Ng4 11.d4 d6 12.d5 Nxe5 13.Nxe5 dxe5 14.dxe6 fxe6 15.Bh5+ 
g6 16.Bg4 Qc6 17.Bf3 Qc7 18.Bxb7 Nxb7 19.Qg4 Qc6 20.Ne4 Bg7 21.Ng5 O-O 22.
Qh3 h6 23.Nxe6 Rf7 24.Nxg7 Kxg7 25.Bxe5+ Kh7 26.Rad1 Rd8 27.f4 Rdd7 28.
Rxd7 Qxd7 29.Qf3 Qf5 30.h3 Rd7 31.Rd1 Nd8 32.Rxd7+ Qxd7 33.Qd5 Qe8 34.Qd6 
Nf7 35.Qf6 Nxe5 36.fxe5 Qd7 37.Qd6 Qe8 38.e6 Kg7 39.Qe5+ Kg8 40.Qf6 h5 41.
g4 hxg4 42.hxg4 Qb8 43.Qxg6+ Kh8 44.Kg2 Qd6 45.Qe8+ 1-0

[Event "IX Open A"]
[Site "Genova ITA"]
[Date "2005.08.14"]
[Round "8"]
[White "Rodriguez Alvarez, Alan"]
[Black "Madsen, Dag"]
[Result "0-1"]
[WhiteElo "2103"]
[BlackElo "2285"]
[PlyCount "57"]
[EventDate "2005.08.08"]

1.e4 Nf6 2.e5 Nd5 3.d4 d6 4.c4 Nb6 5.exd6 exd6 6.Bd3 Nc6 7.Ne2 Nb4 8.O-O 
Nxd3 9.Qxd3 Be7 10.Nbc3 O-O 11.b3 Re8 12.Bb2 a5 13.a3 a4 14.b4 d5 15.Nxd5 
Nxd5 16.cxd5 Qxd5 17.Nf4 Qg5 18.Qg3 Qh6 19.Rfe1 Bd7 20.Re5 Bd6 21.Rae1 
Bxe5 22.dxe5 Ra6 23.e6 Bxe6 24.h3 Bd7 25.Rd1 Rd6 26.Rc1 Re4 27.Nh5 Qg6 28.
Qf3 f6 29.Rxc7 0-1

[Event "IX Open A"]
[Site "Genova ITA"]
[Date "2005.08.14"]
[Round "8"]
[White "Sanchez, Joseph"]
[Black "Fossati, Remigio"]
[Result "1-0"]
[WhiteElo "2452"]
[BlackElo "2133"]
[PlyCount "55"]
[EventDate "2005.08.08"]

1.e4 c5 2.Nc3 e6 3.Nf3 d6 4.d4 cxd4 5.Nxd4 Nf6 6.g4 Nc6 7.g5 Nd7 8.h4 Be7 
9.Be3 a6 10.Qd2 O-O 11.O-O-O Nxd4 12.Qxd4 b5 13.Rg1 Rb8 14.Kb1 b4 15.Ne2 
Ne5 16.Rg3 Qc7 17.Nc1 Rd8 18.f4 Nc6 19.Qc4 Bf8 20.Bg2 a5 21.h5 Bd7 22.g6 
Be8 23.Bh3 Qc8 24.Rdg1 Ne7 25.gxf7+ Bxf7 26.Qd4 g6 27.Qf6 Re8 28.Bd4 1-0

[Event "IX Open A"]
[Site "Genova ITA"]
[Date "2005.08.15"]
[Round "9"]
[White "Capurro, Giuliano"]
[Black "Bontempi, Piero"]
[Result "0-1"]
[WhiteElo "2092"]
[BlackElo "2328"]
[PlyCount "150"]
[EventDate "2005.08.08"]

1.e4 c5 2.d3 Nc6 3.c4 g6 4.Nc3 Bg7 5.g3 e6 6.Bg2 Nge7 7.Nge2 O-O 8.O-O Rb8
9.Be3 Nd4 10.f4 d6 11.Rb1 Qa5 12.a3 a6 13.g4 f5 14.gxf5 exf5 15.b4 Qxa3 
16.Bxd4 cxd4 17.Rb3 Qxb3 18.Qxb3 dxc3 19.c5+ Kh8 20.cxd6 Nc6 21.e5 g5 22.
e6 Bxe6 23.Bd5 Bxd5 24.Qxd5 Nxb4 25.Qc4 a5 26.d7 Rfd8 27.Nd4 b5 28.Nxb5 
Rxd7 29.Nxc3 Rxd3 30.Ne2 Rdd8 31.fxg5 a4 32.Rf3 Bb2 33.Qf7 Rf8 34.Qh5 a3 
35.Nc3 Rg8 36.Qf7 Rxg5+ 37.Kf2 Rg7 38.Qc4 a2 39.Nxa2 Nxa2 40.Rb3 Rxb3 41.
Qxb3 Bd4+ 42.Kf3 Nc3 43.Qc4 Bf6 44.Qe6 Ne4 45.Qc8+ Rg8 46.Qxf5 Ng5+ 47.Ke2
Re8+ 48.Kd3 Kg7 49.h4 Nf7 50.Qg4+ Kf8 51.Kc2 Ne5 52.Qf5 Kg7 53.h5 Nf7 54.
Qg4+ Bg5 55.Qg2 Re6 56.Kb3 Kh6 57.Ka4 Rf6 58.Qe2 Nd8 59.Qe8 Ne6 60.Kb3 Ng7
61.Qc8 Kxh5 62.Qh3+ Kg6 63.Kc2 h5 64.Qc8 h4 65.Kd1 Ne6 66.Qg8+ Kh5 67.Qh7+
Kg4 68.Qb7 h3 69.Qh1 Bh4 70.Qe4+ Nf4 71.Kc2 h2 72.Qh1 Bg3 73.Qd1+ Kh4 74.
Qh1 Re6 75.Qb7 Re1 0-1

[Event "IX Open A"]
[Site "Genova ITA"]
[Date "2005.08.15"]
[Round "9"]
[White "Delorme, Axel"]
[Black "Rodriguez Alvarez, Alan"]
[Result "1/2-1/2"]
[WhiteElo "2174"]
[BlackElo "2103"]
[PlyCount "44"]
[EventDate "2005.08.08"]

1.e4 c5 2.Nf3 Nc6 3.d4 cxd4 4.Nxd4 Nf6 5.Nc3 e5 6.Ndb5 d6 7.Bg5 a6 8.Na3 
b5 9.Bxf6 gxf6 10.Nd5 Bg7 11.c3 Be6 12.Bd3 f5 13.Nxb5 Bxd5 14.exd5 Ne7 15.
Na3 O-O 16.O-O e4 17.Bc4 Ng6 18.Qh5 Re8 19.Nc2 f4 20.Rae1 Re5 21.Qh3 f3 
22.g3 Qg5 1/2-1/2

[Event "IX Open A"]
[Site "Genova ITA"]
[Date "2005.08.15"]
[Round "9"]
[White "Di Paolo, Raffaele"]
[Black "Guido, Flavio"]
[Result "1/2-1/2"]
[WhiteElo "2271"]
[BlackElo "2305"]
[PlyCount "21"]
[EventDate "2005.08.08"]

1.e4 c5 2.Nc3 Nc6 3.g3 g6 4.Bg2 Bg7 5.f4 d6 6.d3 Nf6 7.Nf3 O-O 8.O-O Bg4 
9.h3 Bxf3 10.Bxf3 Nd4 11.Ne2 1/2-1/2

[Event "IX Open A"]
[Site "Genova ITA"]
[Date "2005.08.15"]
[Round "9"]
[White "Fossati, Remigio"]
[Black "Delorme, Alban"]
[Result "1-0"]
[WhiteElo "2133"]
[BlackElo "2254"]
[PlyCount "55"]
[EventDate "2005.08.08"]

1.e4 c5 2.c3 Nf6 3.e5 Nd5 4.Nf3 Nc6 5.d4 cxd4 6.cxd4 d6 7.Bc4 Nb6 8.Bb5 
dxe5 9.Nxe5 Bd7 10.Nxd7 Qxd7 11.O-O Rd8 12.Nc3 e6 13.a4 a6 14.Bxc6 Qxc6 
15.a5 Nc4 16.Qa4 Rxd4 17.b3 Rd3 18.bxc4 Rxc3 19.Qxc6+ bxc6 20.Rb1 Bd6 21.
Rd1 Bc7 22.Rb7 Bd8 23.Rb8 Ke7 24.Rb7+ Ke8 25.Be3 Rxc4 26.Bb6 Bxb6 27.axb6 
Rf8 28.Rc7 1-0

[Event "IX Open A"]
[Site "Genova ITA"]
[Date "2005.08.15"]
[Round "9"]
[White "Gromovs, Sergejs"]
[Black "Cirabisi, Federico"]
[Result "1-0"]
[WhiteElo "2375"]
[BlackElo "2109"]
[PlyCount "59"]
[EventDate "2005.08.08"]

1.e4 e5 2.Nf3 d5 3.d4 dxe4 4.Nxe5 Bd6 5.Nc4 Nc6 6.c3 Nf6 7.Bg5 O-O 8.Be2 
h6 9.Bh4 Re8 10.Nbd2 e3 11.Nxe3 Bf4 12.O-O g5 13.Bg3 Bxe3 14.fxe3 Nd5 15.
Bc4 g4 16.Bf4 Na5 17.Bxd5 Qxd5 18.Bxh6 Qh5 19.Bf4 Nc6 20.e4 Ne7 21.Bxc7 
Ng6 22.Bg3 a5 23.e5 Bf5 24.Nc4 Be6 25.Nd6 Kg7 26.Nxe8+ Rxe8 27.d5 Rd8 28.
c4 Nh4 29.Qe1 Nxg2 30.Qf2 1-0

[Event "IX Open A"]
[Site "Genova ITA"]
[Date "2005.08.15"]
[Round "9"]
[White "Kilpatrick, Callum"]
[Black "Astengo, Marcello"]
[Result "0-1"]
[WhiteElo "2042"]
[BlackElo "2096"]
[PlyCount "70"]
[EventDate "2005.08.08"]

1.e4 e6 2.d4 d5 3.Nc3 Nf6 4.Bg5 Bb4 5.e5 h6 6.Bd2 Bxc3 7.bxc3 Ne4 8.Qg4 
Kf8 9.Bd3 Nxd2 10.Kxd2 c5 11.h4 Nc6 12.Rh3 c4 13.Be2 b5 14.Rg3 Rg8 15.Nh3 
Ne7 16.Qf4 Nf5 17.Rf3 b4 18.g4 bxc3+ 19.Kd1 g5 20.hxg5 hxg5 21.Qc1 Nxd4 
22.Rf6 Rb8 23.Nxg5 Rh8 24.Bf1 Rh1 25.Ke1 Rb2 26.Nxf7 Qxf6 27.exf6 Nxc2+ 
28.Ke2 Nxa1+ 29.Kf3 Kxf7 30.Qxa1 d4 31.Qc1 Bb7+ 32.Kg3 Rxf1 33.Qg5 Rg1+ 
34.Kf4 Rxf2+ 35.Ke5 Rf5+ 0-1

[Event "IX Open A"]
[Site "Genova ITA"]
[Date "2005.08.15"]
[Round "9"]
[White "Madsen, Dag"]
[Black "Hendriks, Willy"]
[Result "0-1"]
[WhiteElo "2285"]
[BlackElo "2415"]
[PlyCount "100"]
[EventDate "2005.08.08"]

1.Nf3 c5 2.c4 g6 3.d4 cxd4 4.Nxd4 Nc6 5.e4 Bg7 6.Be3 Nf6 7.Nc3 O-O 8.Be2 
d6 9.Qd2 Bd7 10.Rc1 Nxd4 11.Bxd4 Bc6 12.f3 a5 13.O-O Nd7 14.Be3 a4 15.Rc2 
Nc5 16.Rd1 Qa5 17.Nd5 Bxd5 18.cxd5 Qxd2 19.Rdxd2 Ra5 20.Rc4 f5 21.exf5 
Rxf5 22.g4 Rf8 23.Rdc2 Rb5 24.Rxa4 Nxa4 25.Bxb5 Nxb2 26.Bd7 Nd1 27.Be6+ 
Kh8 28.Bg5 Bd4+ 29.Kh1 h5 30.gxh5 gxh5 31.f4 Bf6 32.Bxf6+ Rxf6 33.f5 Ne3 
34.Rf2 Rf8 35.Rf3 Ng4 36.h3 Ne5 37.Rb3 Kg7 38.Rxb7 Kf6 39.Kg2 Ra8 40.Rb2 
h4 41.Rb4 Rxa2+ 42.Kf1 Ra1+ 43.Ke2 Re1+ 44.Kd2 Rh1 45.Rb8 Rxh3 46.Rf8+ Kg5
47.Rg8+ Kf4 48.Rg7 Ra3 49.Rxe7 h3 50.Rb7 h2 0-1

[Event "IX Open A"]
[Site "Genova ITA"]
[Date "2005.08.15"]
[Round "9"]
[White "Maiorov, Nikita"]
[Black "Barsov, Alexei"]
[Result "1/2-1/2"]
[WhiteElo "2453"]
[BlackElo "2530"]
[PlyCount "55"]
[EventDate "2005.08.08"]

1.d4 d5 2.c4 e6 3.Nf3 Nf6 4.Nc3 Bb4 5.e3 O-O 6.Bd3 c5 7.O-O cxd4 8.exd4 
dxc4 9.Bxc4 b6 10.Bg5 Bb7 11.Ne5 Nc6 12.Nxc6 Bxc6 13.Qd3 Rc8 14.Rad1 Bxc3 
15.bxc3 Be4 16.Qe2 Bd5 17.Bxd5 Qxd5 18.Bxf6 gxf6 19.Rd3 Kh8 20.Rfd1 Rg8 
21.g3 Rg5 22.Rf3 Kg7 23.h4 Rg4 24.Re3 h5 25.Qf3 Qxf3 26.Rxf3 f5 27.Kf1 f4 
28.Re1 1/2-1/2

[Event "IX Open A"]
[Site "Genova ITA"]
[Date "2005.08.15"]
[Round "9"]
[White "Mateo, Ramon"]
[Black "Martinez, Rolly"]
[Result "0-1"]
[WhiteElo "2434"]
[BlackElo "2421"]
[PlyCount "102"]
[EventDate "2005.08.08"]

1.e4 c5 2.Nf3 Nc6 3.d4 cxd4 4.Nxd4 Nf6 5.Nc3 d6 6.Bg5 e6 7.Qd2 a6 8.O-O-O 
Bd7 9.Kb1 Be7 10.f4 h6 11.Bh4 g5 12.fxg5 Ng4 13.Be2 Nge5 14.Nb3 hxg5 15.
Bf2 b5 16.Qe1 Rb8 17.Nd5 Bf8 18.Nb4 a5 19.Nxc6 Bxc6 20.Nd4 Bd7 21.h4 Nc4 
22.Rh3 Bg7 23.Rb3 a4 24.Rb4 gxh4 25.b3 axb3 26.axb3 h3 27.gxh3 Qa5 28.bxc4
Ra8 29.Qc3 Rxh3 30.Rd3 Qa7 31.Kc1 Bh6+ 32.Be3 Rxe3 33.Rxe3 Qa3+ 34.Qxa3 
Rxa3 35.Nxb5 Rxe3 36.Kd1 Bf4 37.Bd3 Bc6 38.Nc3 Be5 39.Kd2 Rh3 40.Rb6 Kd7 
41.Nb5 Rh4 42.Ke3 Bh2 43.Ra6 Bg1+ 44.Kf3 Bc5 45.Ra1 f5 46.Re1 Ke7 47.Kg3 
fxe4 48.Bf1 Rh1 49.Rd1 Rg1+ 50.Kh2 e3 51.Re1 e2 0-1

[Event "IX Open A"]
[Site "Genova ITA"]
[Date "2005.08.15"]
[Round "9"]
[White "Salvador, Roland"]
[Black "Pace, Pietro Dario"]
[Result "1-0"]
[WhiteElo "2416"]
[BlackElo "2198"]
[PlyCount "31"]
[EventDate "2005.08.08"]

1.d4 d5 2.Nf3 Nf6 3.Bf4 c5 4.e3 e6 5.Nc3 a6 6.Be2 Nc6 7.Ne5 Nxe5 8.dxe5 
Nd7 9.O-O Qc7 10.Nxd5 exd5 11.e6 Ne5 12.exf7+ Kxf7 13.Qxd5+ Kf6 14.Bc4 Bd6
15.Bxe5+ Bxe5 16.f4 1-0

[Event "IX Open A"]
[Site "Genova ITA"]
[Date "2005.08.15"]
[Round "9"]
[White "Sanchez, Joseph"]
[Black "Chatalbashev, Boris"]
[Result "0-1"]
[WhiteElo "2452"]
[BlackElo "2499"]
[PlyCount "80"]
[EventDate "2005.08.08"]

1.e4 g6 2.d4 Bg7 3.Nc3 d6 4.Bg5 c6 5.Qd2 b5 6.a3 Nf6 7.f4 O-O 8.Be2 Bb7 9.
Nf3 a5 10.e5 b4 11.exf6 bxc3 12.bxc3 exf6 13.Bh4 a4 14.O-O Qa5 15.Bd3 c5 
16.Rad1 Nd7 17.f5 Rac8 18.Bg3 c4 19.Be2 Qxf5 20.Bxd6 Rfe8 21.Rb1 Qd5 22.
Rfe1 f5 23.Bf1 Nf6 24.Rxe8+ Rxe8 25.Bb4 Ne4 26.Qf4 g5 27.Qc7 Rc8 28.Qc5 g4
29.Qxd5 Bxd5 30.Nh4 Be6 31.d5 Bd7 32.Ba5 Bf8 33.Rb7 Bc5+ 34.Kh1 Nf2+ 35.
Kg1 Re8 36.Rxd7 Nh3+ 37.Kh1 Re1 38.Rd8+ Kg7 39.Nxf5+ Kf6 40.Ng3 Nf2+ 0-1

[Event "C.to Unione Europea U14"]
[Site "Mureck AUT"]
[Date "2005.08.19"]
[Round "2"]
[White "Messina, Roberta"]
[Black "Veszpremi, Andras"]
[Result "0-1"]
[WhiteElo "1845"]
[BlackElo "2040"]
[PlyCount "130"]
[EventDate "2005.08.18"]

1. e4 c5 2. Nf3 g6 3. d4 Bg7 4. Nc3 cxd4 5. Nxd4 Nc6 6. Be3 Nf6 7. Be2 O-O 8.
O-O d5 9. exd5 Nxd5 10. Nxd5 Qxd5 11. Bf3 Qc4 12. Nxc6 bxc6 13. c3 Ba6 14. Re1
Rfd8 15. Qc2 Bb7 16. Qb3 Qxb3 17. axb3 Bf6 18. Rxa7 Rxa7 19. Bxa7 Rd2 20. Rd1
Rxb2 21. h3 Rxb3 22. Be3 Kg7 23. c4 e6 24. c5 Be5 25. Bd4 Bxd4 26. Rxd4 Rb5 27.
Rd7 Kf6 28. Rc7 Ba8 29. Rc8 Bb7 30. Rc7 e5 31. Be2 Rb4 32. Bf3 e4 33. Bxe4 Rxe4
34. Rxb7 Rc4 35. Rc7 Rc1+ 36. Kh2 Rxc5 37. Kg3 Rc3+ 38. Kf4 Ke6 39. Ke4 Rc2 40.
Ke3 h5 41. g3 Rc5 42. Kd4 Rd5+ 43. Ke3 Rd6 44. Ke4 f5+ 45. Ke3 Kd5 46. Kd3 Rf6
47. Rd7+ Kc5 48. Kc3 f4 49. g4 hxg4 50. hxg4 f3 51. Rd4 g5 52. Rc4+ Kd6 53.
Rd4+ Ke7 54. Kc2 Re6 55. Kd3 c5 56. Rc4 Kd6 57. Rc2 Kd5 58. Rc4 Re2 59. Rc2
Rxc2 60. Kxc2 Ke4 61. Kc3 Kf4 62. Kc4 Kxg4 63. Kxc5 Kh3 64. Kd4 Kg2 65. Ke3 g4
0-1

[Event "C.to Unione Europea U14"]
[Site "Mureck AUT"]
[Date "2005.08.21"]
[Round "4"]
[White "Messina, Roberta"]
[Black "Moernaut, Evelien"]
[Result "0-1"]
[WhiteElo "1845"]
[BlackElo "1935"]
[PlyCount "140"]
[EventDate "2005.08.18"]

1. e4 e6 2. d4 d5 3. Nc3 Nf6 4. Bg5 Bb4 5. e5 h6 6. Bd2 Bxc3 7. Bxc3 Ne4 8. Qf3
c5 9. Qd1 Nc6 10. Nf3 Qb6 11. Rb1 cxd4 12. Bxd4 Qa5+ 13. c3 Qxa2 14. Be2 O-O
15. O-O Qa5 16. Qc2 Qc7 17. Bd3 Nxd4 18. Nxd4 Nc5 19. Rfe1 Nxd3 20. Qxd3 Bd7
21. Rbc1 Rac8 22. b3 Qb6 23. Rb1 Rc5 24. c4 Rfc8 25. Nf3 Qc7 26. Rbd1 Be8 27.
cxd5 Rxd5 28. Qe3 Rxd1 29. Rxd1 a6 30. h3 Bc6 31. Rc1 Qd7 32. Nd4 Bd5 33. Rd1
Qc7 34. Ne2 Qa5 35. Nf4 Rd8 36. Rc1 Bc6 37. Nd3 Qd5 38. Nf4 Qd2 39. Qxd2 Rxd2
40. Re1 Rd4 41. g3 Rb4 42. Re3 a5 43. Ng2 Bd5 44. Rc3 Rxb3 45. Rc8+ Kh7 46. Ra8
b6 47. Ra7 Bxg2 48. Kxg2 Kg6 49. Kf1 Rb4 50. Ke2 Re4+ 51. Kd3 Rxe5 52. Kc4 Rc5+
53. Kb3 Rb5+ 54. Kc3 Rb4 55. Ra6 Kf6 56. Ra7 e5 57. Rb7 b5 58. Rb6+ Kf5 59. Rb7
Kg6 60. Ra7 Rc4+ 61. Kb3 a4+ 62. Kb2 Rb4+ 63. Ka3 Rb3+ 64. Ka2 e4 65. Re7 f5
66. Ra7 Rf3 67. Ra6+ Kh7 68. Rb6 Rxf2+ 69. Kb1 e3 70. Kc1 Rf1+ 0-1

[Event "C.to Unione Europea U14"]
[Site "Mureck AUT"]
[Date "2005.08.23"]
[Round "6"]
[White "Messina, Roberta"]
[Black "Winkelmann, Elena"]
[Result "0-1"]
[WhiteElo "1845"]
[BlackElo "2040"]
[PlyCount "122"]
[EventDate "2005.08.18"]

1. e4 d5 2. exd5 Qxd5 3. Nc3 Qd6 4. d4 Nf6 5. h3 a6 6. Nf3 e6 7. Be2 b5 8. a3
Bb7 9. O-O Nbd7 10. Be3 Nb6 11. Re1 Nbd5 12. Nxd5 Nxd5 13. Bd2 c5 14. c4 bxc4
15. Bxc4 cxd4 16. Nxd4 Be7 17. Qa4+ Kf8 18. Bxd5 Qxd5 19. Nf3 Bc6 20. Qd1 f6
21. Bc3 Kf7 22. Qxd5 Bxd5 23. Rad1 Bxf3 24. gxf3 Rhd8 25. Kf1 e5 26. Ba5 Rxd1
27. Rxd1 Rc8 28. Bc3 Ke6 29. Ke2 g5 30. Rd3 Rc4 31. Kf1 h5 32. Kg2 f5 33. Re3
Bd6 34. Kf1 g4 35. fxg4 fxg4 36. hxg4 hxg4 37. Kg2 Kf5 38. Rd3 Bc5 39. Rd5 Bd4
40. Bxd4 Rxd4 41. Ra5 Rd6 42. b4 Kf4 43. a4 e4 44. b5 axb5 45. axb5 Rb6 46. Kf1
g3 47. fxg3+ Kf3 48. Ra3+ e3 49. Rb3 Rd6 50. Rb1 Rh6 51. Kg1 Rg6 52. Kf1 Rxg3
53. Rb3 Rg8 54. b6 Rd8 55. Kg1 Rd1+ 56. Kh2 Rd2+ 57. Kh3 Rd8 58. Kh4 Kf2 59.
Rb5 e2 60. Rf5+ Ke3 61. Re5+ Kd2 0-1